Paroles - Bruxelles Bénabar - Statistiques

Statistiques générales
  • Ce quiz a été pris 10 fois
  • Le résultat moyen est 216 sur 323
Statistiques - réponses
Réponse % Correct
à
100%
a
100%
Bruxelles
100%
ça
100%
ca
100%
ce
100%
de
100%
et
100%
j'ai
100%
J'ai
100%
Je
100%
je
100%
la
100%
ma
100%
mais
100%
Mais
100%
te
100%
Alors
83%
au
83%
c'est
83%
couronne
83%
d'homme
83%
donne
83%
donné
83%
du
83%
faut
83%
l'dire
83%
ldire
83%
le
83%
Le
83%
même
83%
parole
83%
pas
83%
personne
83%
pour
83%
quand
83%
que
83%
qui
83%
rien
83%
tout
83%
un
83%
une
83%
vaut
83%
ville
83%
beau
67%
cadeau
67%
c'qu'elle
67%
dans
67%
des
67%
en
67%
En
67%
faire
67%
Faire
67%
j'en
67%
les
67%
menacerait
67%
mieux
67%
mon
67%
n'avais
67%
Noël
67%
Offrir
67%
offrir
67%
ou
67%
pensé
67%
roi
67%
t'offrir
67%
très
67%
Tu
67%
tu
67%
voulais
67%
affaires
50%
aux
50%
boucles
50%
capitale
50%
casser
50%
CD
50%
comme
50%
contentée
50%
dame
50%
défi
50%
dessous
50%
d'oreille
50%
d'un
50%
d'une
50%
échange
50%
entendu
50%
entrer
50%
fous
50%
Il
50%
il
50%
jgagne
50%
j'm'en
50%
jvais
50%
livre
50%
l'oeil
50%
mets
50%
midi
50%
Moi
50%
moins
50%
ne
50%
paire
50%
parce
50%
paris
50%
plaisir
50%
proposition
50%
qu'elle
50%
quoi
50%
reconnais
50%
sans
50%
s'en
50%
sera
50%
serais
50%
son
50%
suis
50%
tape
50%
tfaire
50%
trouvé
50%
vaniteux
50%
veux
50%
vie
50%
bague
33%
bien
33%
bordel
33%
Bruxellois
33%
collier
33%
d'ici
33%
dit
33%
est
33%
étudié
33%
fallu
33%
gentleman
33%
ils
33%
joyau
33%
l'offrir
33%
m'a't'il
33%
mêle
33%
messire
33%
n'est
33%
noblesse
33%
nous
33%
peux
33%
présent
33%
question
33%
qu'le
33%
roturier
33%
Saint
33%
seul
33%
sort
33%
titre
33%
vous
33%
Altesse
17%
arrête
17%
avec
17%
cher
17%
court
17%
d'ailleurs
17%
d'arguments
17%
disait
17%
fêtes
17%
gare
17%
idéal
17%
Josse
17%
king
17%
l'ai
17%
n'en
17%
notre secret
17%
période
17%
refus
17%
sauront
17%
s'entêtait
17%
sommes
17%
souverain
17%
têtu
17%
toi
17%
votre
17%
conclu
0%
cool
0%
d'accord
0%
marché
0%
négocier
0%
soyez
0%
voudrais
0%
Aucun quiz correspondant
Distribution des résultats
% des personnes avec chaque résultat
Percentile par nombre de réponses
Votre historique - résultats
Vous n’avez pas pris ce quiz